000 012880000a22003250004500
003 EG-GICUC
005 20250223025130.0
008 080120s2001 ua a f m 000 0 eng d
040 _aEG-GICUC
_beng
_cEG-GICUC
041 0 _aEng
049 _aDeposite
097 _aPh.D
099 _aCai01.11.33.Ph.D.2001.Mo.B
100 0 _aMohammed Salah Abdelbary
245 1 0 _aBiologic DT system in the treatment of advanced hepatic encephalopathy a technology whose time has come /
_cMohammed Salah Abdelbary ; Supervised Mohamed Farid Abdelwahab , Sameh Saad Labib , Tarek Hassanein
246 1 5 _aاستخدام جهاز الكبد الصناعى فى علاج حالات الغيبوبة الكبدية المتأخرة
260 _aCairo :
_bMohammed Salah Abdelbary ,
_c2001
300 _a387P. :
_bill. ;
_c25cm
502 _aThesis (Ph.D.) - Cairo University - Faculty Of Medicine - Department Of Tropical Medicine
653 4 _aALF
653 4 _aBiologic DT
653 4 _aHepatic encephalopathy
700 0 _aMohamed Farid Abdelwahab ,
_eSupervisor
700 0 _aSameh Saad Labib ,
_eSupervisor
700 0 _aTarek Hassanein ,
_eSupervisor
856 _uhttp://172.23.153.220/th.pdf
905 _aEnas
_eCataloger
905 _aMustafa
_eRevisor
942 _2ddc
_cTH
999 _c6352
_d6352